Whom and how to write complaint letters / (Record no. 67844)

MARC details
000 -LEADER
fixed length control field 00559nam a22001577a 4500
005 - DATE AND TIME OF LATEST TRANSACTION
control field 2012061305015.0
020 ## - INTERNATIONAL STANDARD BOOK NUMBER
International Standard Book Number 8177450034
Terms of availability Rs.450.00 (pbk)
035 ## - SYSTEM CONTROL NUMBER
System control number B-60047
037 ## - SOURCE OF ACQUISITION
Stock number DPL
Source of stock number/acquisition ENG
100 ## - MAIN ENTRY--PERSONAL NAME
Personal name Sharma, Mukesh
245 ## - TITLE STATEMENT
Title Whom and how to write complaint letters /
Statement of responsibility, etc by Mukesh Sharma
260 ## - PUBLICATION, DISTRIBUTION, ETC. (IMPRINT)
Place of publication, distribution, etc New Delhi
Name of publisher, distributor, etc Storeytellers
Date of publication, distribution, etc 2001
300 ## - PHYSICAL DESCRIPTION
Extent xxiv, 792p.
Dimensions 20 cms.
942 ## - ADDED ENTRY ELEMENTS (KOHA)
Source of classification or shelving scheme Dewey Decimal Classification
Item type English Books
Classification part 364.7
Call number suffix SHA
Holdings
Withdrawn status Lost status Not for loan Collection code Home library Current library Date acquired Cost, normal purchase price Full call number Barcode Cost, replacement price Koha item type
      Non-fiction Sarojini Nagar Sarojini Nagar 13/06/2012 450.00 364.7 SHA B-060047 450.00 English Books

© Delhi Public Library
Hit Counter
free hit counter